000 00691nam a2200241Ia 4500
003 GCL
008 140319s9999 xx 000 0 ara d
040 _aGCL /
_cGCL
082 0 4 _a027.8
_bم د
100 1 _aمارى جميل فاشة
245 1 0 _aدليل المدرس فى انشاء مكتبة /
_cمارى جميل فاشة
260 _a[S.N] :
_bدار الشروق ،
_c1983
300 _a178 ص
490 _a
650 0 4 _aالتزوير
650 0 4 _aالكتاب
650 0 4 _aالخدمة المرجعية
650 0 4 _aالفهرسة
650 0 4 _aالمكتبات
650 0 4 _aالتصنيف
650 0 4 _aالمكتبات المدرسية
942 _2ddc
_cBK
999 _c32133
_d32133